000 01168nam a2200265 a 4500
001 BRCA_1149
005 20190320203313.0
008 020205s2001 sp-a---##b---#100-0#spa-#
020 _a8489748977
040 _aDLC
_cDLC
050 4 _aNA5075
_b.C67 2001
245 1 0 _aLos coros de catedrales y monasterios
_barte y liturgia : actas del simposio organizado por la Fundación Pedro Barrié de la Maza en A Coruña, 6-9 de septiembre de 1999
_cedición a cargo de Ramón Yzquierdo Perrín.
260 _aA Coruña
_bFundación Pedro Barrié de la Maza
_c[2001]
300 _a337 p.
_bil. (algunas a color)
_c27 cm.
600 1 4 _aMateo
_cMaestro
_dfl. 1161-1217
_vCongresos
_93785
600 1 4 _aMateo
_cMaestro
_dfl. 1161-1217
_vCongresos.
_93785
610 2 4 _aCatedral de Santiago de Compostela
_93786
610 2 4 _aCongresos
_93787
650 1 4 _aSillerias de coro
_vCongresos
_zEspaña
_93788
650 1 4 _aTalla en madera española
_vCongresos
_93789
650 1 4 _aSillerias de coro
_vCongresos
_zConservación y restauración
_93790
700 1 _aYzquierdo Perrín, Ramón
_93791
710 2 _aFundación ´Pedro Barrié de la Maza, Conde de Fenosa´
_93792
942 _2lcc
_cB
999 _c1026
_d1026